000 00406nam a2200145 i 4500
001 bg
100 1 _aKORNIEWICZ, Henryk
245 0 _aElektrotermia :
_bhigiena pracy w polach wielkiej częstotliwości /
_cHenryk Korniewicz, Andrzej Koperski.
260 _aWarszawa,
_c1979.
700 1 _aKOPERSKI, Andrzej
040 _cBPK
041 _apol
942 _cKS
008 s pl f |000 0 pol
999 _c18607
_d18607
856 _uhttp://koha.tu.koszalin.pl/cgi-bin/koha/opac-detail.pl?biblionumber=18607
_yKatalog online BPK